Copa do Mundo da FIFA de 1998 - Statistics

Estatísticas Gerais
  • Esse quiz foi jogado 344 vezes
  • A pontuação média é 26 de 32
Estatísticas das Respostas
Grupo Time % Correto
Grupo A Brasil
100%
Grupo H Argentina
98%
Grupo C França
97%
Grupo B Itália
95%
Grupo H Japão
95%
Grupo E Coréia do Sul
94%
Grupo F Alemanha
93%
Grupo D Espanha
93%
Grupo F Estados Unidos
93%
Grupo G Inglaterra
91%
Grupo E México
91%
Grupo B Chile
88%
Grupo E Países Baixos
86%
Grupo D Paraguai
86%
Grupo A Noruega
85%
Grupo G Colômbia
84%
Grupo H Croácia
84%
Grupo C Dinamarca
84%
Grupo D Nigéria
83%
Grupo B Camarões
82%
Grupo E Bélgica
79%
Grupo A Marrocos
79%
Grupo A Escócia
77%
Grupo F Irã
77%
Grupo C África do Sul
72%
Grupo C Arábia Saudita
71%
Grupo H Jamaica
70%
Grupo D Bulgária
69%
Grupo B Austria
67%
Grupo G Tunísia
66%
Grupo G Romênia
63%
Grupo F Iugoslávia
50%
Nenhum quiz correspondente encontrado
Distribuição das Pontuações
Porcentagem de Pessoas com Cada Pontuação
Percentil de Números Respondidos
Sua Pontuação Histórica
Você não jogou esse quiz